000 00199 a2200097 4500
001 18023
100 _aStern, S M
245 _aMuslim studies
260 _a
_bAllen & Unwin
_c
090 _c13327
_d13327
942 _aNUST-CAE
_cM
_c3700
999 _c253096
_d253096